Меркаторская карта части севернаго берега Сибири (Запись № 2321534)

Подробности
000 -МАРКЕР
контрольное поле 01960nem0a2200337 4500
001 - ИДЕНТИФИКАТОР ЗАПИСИ
контрольное поле RU\NLR\cart\6677
005 - ИДЕНТИФИКАТОР ВЕРСИИ
контрольное поле 20260405124550.0
035 ## - ДРУГИЕ СИСТЕМНЫЕ НОМЕРА
Идентификатор записи (NLR Aleph) 004276782
100 ## - ДАННЫЕ ОБЩЕЙ ОБРАБОТКИ
Данные общей обработки 20110906d1841 |||y0rusy50 ca
101 0# - ЯЗЫК РЕСУРСА
Язык текста, звукозаписи и т.д. русский
102 ## - СТРАНА ПУБЛИКАЦИИ ИЛИ ПРОИЗВОДСТВА
Страна публикации Российская Федерация
120 ## - ПОЛЕ КОДИРОВАННЫХ ДАННЫХ: КАРТОГРАФИЧЕСКИЕ МАТЕРИАЛЫ - ОБЩИЕ ХАРАКТЕРИСТИКИ
Кодированные данные о картографическом материале (общие) ayy xx||
123 0# - ПОЛЕ КОДИРОВАННЫХ ДАННЫХ: КАРТОГРАФИЧЕСКИЕ МАТЕРИАЛЫ - МАСШТАБ И КООРДИНАТЫ
Тип масштаба a
Постоянное отношение линейного горизонтального масштаба 3000000
200 1# - ЗАГЛАВИЕ И СВЕДЕНИЯ ОБ ОТВЕТСТВЕННОСТИ
Основное заглавие Меркаторская карта части севернаго берега Сибири
Общее обозначение материала Карты
Сведения, относящиеся к заглавию к путешествию лейтенанта Врангеля в 1820, 21, 22 и 23 годах
206 ## - ОБЛАСТЬ СПЕЦИФИЧЕСКИХ СВЕДЕНИЙ: КАРТОГРАФИЧЕСКИЕ МАТЕРИАЛЫ - МАТЕМАТИЧЕСКИЕ ДАННЫЕ
Сведения о математических данных [ок. 1:3 000 000, 30 км в 1 см]
210 ## - ПУБЛИКАЦИЯ, РАСПРОСТРАНЕНИЕ И ДР.
Место издания, распространения и т.д. [Санкт-Петербург
Дата издания, распространения и т.д. 1841]
215 ## - ФИЗИЧЕСКАЯ ХАРАКТЕРИСТИКА
Специфическое обозначение материала и объем 1 к
Другие сведения о физической характеристике 1 цв.
Размеры 29х45 см
300 ## - ОБЩИЕ ПРИМЕЧАНИЯ
Текст примечания Из изд.: [Рисунки и карты к путешествию по северным берегам Сибири и по Ледовитому морю, совершенному в 1820, 1821, 1822, 1823 и 1824 гг. под начальством флота лейтенанта Ф. П. Врангеля. - Санкт-Петербург, 1841]
509 01 - ЗАГОЛОВОК -СТРУКТУРИРОВАННОЕ ГЕОГРАФИЧЕСКОЕ ИЛИ ТЕМАТИЧЕСКОЕ НАИМЕНОВАНИЕ
Графика поля Кириллица
Географическое / тематическое наименование – начальный элемент ввода Сибирь Восточная
Системный номер авторитетной/нормативной записи 2634796
Идентификатор авторитетной / нормативной записи RU\NLR\auth_crt\551627
518 1# - ЗАГЛАВИЕ В СТАНДАРТНОМ СОВРЕМЕННОМ ПРАВОПИСАНИИ
Основное заглавие, вариант заглавия или унифицированное заглавие Меркаторская карта части северного берега Сибири
606 1# - НАИМЕНОВАНИЕ ТЕМЫ КАК ПРЕДМЕТ
Наименование темы Путешествия русские
Формальный подзаголовок Карты
Хронологический подзаголовок 19 в.
Системный номер авторитетной/нормативной записи 2268349
Идентификатор авторитетной/нормативной записи RU\NLR\AUTH\661359693
607 ## - ГЕОГРАФИЧЕСКОЕ НАИМЕНОВАНИЕ КАК ПРЕДМЕТ
Географическое наименование Восточно-Сибирское море
Тематический подзаголовок Ледовый режим
Системный номер авторитетной/нормативной записи 2475529
Идентификатор авторитетной/нормативной записи RU\NLR\AUTH\6601686760
608 ## - ФОРМА, ЖАНР, ФИЗИЧЕСКИЕ ХАРАКТЕРИСТИКИ ДОКУМЕНТА КАК ТОЧКА ДОСТУПА
Начальный элемент ввода Гляциологические карты
Системный номер авторитетной/нормативной записи 1444835
Идентификатор авторитетной/нормативной записи RU\NLR\AUTH\66301380
608 ## - ФОРМА, ЖАНР, ФИЗИЧЕСКИЕ ХАРАКТЕРИСТИКИ ДОКУМЕНТА КАК ТОЧКА ДОСТУПА
Начальный элемент ввода Общегеографические карты мелкомасштабные
Системный номер авторитетной/нормативной записи 2622600
Идентификатор авторитетной/нормативной записи RU\NLR\AUTH\661559160
702 #1 - ИМЯ ЛИЦА - ВТОРИЧНАЯ ОТВЕТСТВЕННОСТЬ
Код отношения Ассоциированное имя
Материалы, к которым относится поле rus
Графика поля Кириллица
Начальный элемент ввода Врангель
Часть имени, кроме начального элемента ввода Ф. П.
Даты 1796-1870
Расширение инициалов личного имени Фердинанд Петрович
Идентификатор авторитетной/нормативной записи RU\NLR\AUTH\7750003
Системный номер авторитетной/нормативной записи 32938
801 #0 - ИСТОЧНИК ЗАПИСИ
Страна Российская Федерация
Организация NLR
Дата составления 20110906
Правила каталогизации PSBO
852 ## - МЕСТОНАХОЖДЕНИЕ И ШИФР ХРАНЕНИЯ
Идентификатор организации NLR
Наименование фонда или коллекции (Sub-Location Identifier) К
Шифр хранения (Call Number) 2-ВСиб 2/28
Идентификатор единицы 14036
942 ## - ДОПОЛНИТЕЛЬНЫЕ ЭЛЕМЕНТЫ ЗАПИСИ (АБИС)
Тип экземпляра АБИС Карта
980 ## - КОЛЛЕКЦИЯ
Название коллекции Национальная библиография
Экземпляры
Тип экземпляра Дата поступления Библиотека постоянного хранения Библиотека текущего хранения Место хранения Шифр хранения Штрих-код Статус экземпляра
Книга 26.10.2013 РНБ (Садовая) РНБ (Садовая) Фонд картографических изданий К 2-ВСиб 2/28 4276782-10